000 00336nam a2200133Ia 4500
008 190216s9999||||xx |||||||||||||| ||und||
100 _a"Dr.H.C.Mehrotra ,dr.s.p.goyal"
245 0 _aIncome Tax Law And Accounts / 44th Ed.
250 _a44th Ed.
260 _bSahitya Bhawan
_c2006
300 _a866
650 _aCommerce
942 _cBK
999 _c8276
_d8276